Los Angeles Metropolitan Area Cities - Statistics

General Stats
  • This quiz has been taken 174 times
  • The average score is 19 of 57
Answer Stats
# City Population % Correct
1* Los Angeles 3,990,456
98%
2* Long Beach 467,354
89%
3* Anaheim 352,005
83%
4* Santa Ana 332,725
74%
28* Santa Monica 91,411
69%
14* Pasadena 141,371
68%
5* Irvine 282,572
66%
8 Huntington Beach 200,641
64%
7* Glendale 201,361
62%
23* Burbank 103,695
60%
6 Santa Clarita 210,089
59%
24 Compton 96,617
52%
16* Orange 139,484
52%
13* Torrance 145,182
52%
20 Inglewood 109,419
50%
12* Pomona 152,361
44%
19 Downey 112,269
39%
10 Lancaster 159,053
39%
21 West Covina 106,311
38%
11 Palmdale 156,667
36%
33* Newport Beach 85,326
34%
15 Fullerton 139,640
33%
22 Norwalk 105,120
32%
18* Costa Mesa 113,615
29%
17 El Monte 115,586
29%
9 Garden Grove 172,646
27%
42 Redondo Beach 67,412
26%
31 Whittier 86,064
26%
27* Carson 91,909
25%
30 Hawthorne 86,965
24%
34 Alhambra 84,649
22%
25 Mission Viejo 95,202
21%
41 Yorba Linda 67,787
19%
50* Arcadia 58,610
18%
49* Gardena 59,721
18%
36 Lakewood 80,140
17%
44 San Clemente 64,857
17%
37* Tustin 79,795
17%
48* Monterey Park 60,401
16%
26 South Gate 94,443
16%
40 Lynwood 70,504
15%
29 Westminster 90,938
15%
35 Buena Park 82,421
14%
52 Diamond Bar 56,275
14%
51 Huntington Park 58,173
14%
47 La Habra 62,183
14%
39 Baldwin Park 75,813
12%
38 Bellflower 77,131
12%
56 Glendora 52,002
12%
46 Montebello 62,632
12%
55 Paramount 54,387
12%
45 Pico Rivera 62,888
12%
32 Lake Forest 85,623
11%
43 Laguna Niguel 66,266
10%
53* Fountain Valley 55,814
9%
57 Placentia 51,671
8%
54 Rosemead 54,412
7%
No matching quizzes found
Score Distribution
Percent of People with Each Score
Percentile by Number Answered
Your Score History
You have not taken this quiz